00623nam a22002297a 45000010005000000030009000050050017000140070005000310080048000360200015000840400022000990920021001211000020001422450072001622600040002343000027002744900022003018300022003239420012003459560021003579990015003780074DO-SdBNP20151214110532.00074151214b dr 1969 xxu||||| |||| 00| 0 spa d a8429404546 aBPMSUbspacBPMSU axxxxxxxbxxxxxxx10aTejada, Ramón00aArboleda /cRamón Tejada, Yolanda Pereyra de Inoa, Luis J. Borget aSanto Domingo :bSantillana,c1969. a165 p. :bil.,c25 cm.10aEl árbol alegre00aEl árbol alegre 2ddccBK aBrenda Tavárez c9112d9112